|
|
|
|
| LEADER |
00000nab a2200000 a 4500 |
| 001 |
vtls011605255 |
| 003 |
SK-MaSNL |
| 005 |
20260303184357.0 |
| 008 |
170119|2016 xo m| 000 02slo |
| 015 |
|
|
|a SNBRB2017/01
|
| 038 |
|
|
|a DSZK
|
| 040 |
|
|
|a DSZK
|b slo
|c DSZK
|e AACR2
|
| 041 |
0 |
|
|a slo
|a hun
|
| 044 |
|
|
|a xo
|c SK
|
| 080 |
|
|
|a 796.838.071
|x (437.62)
|2 2011
|
| 100 |
1 |
|
|a Kmeť, Vladislav,
|d 1950-
|4 aut
|9 338580
|
| 245 |
1 |
0 |
|a Tento šport je pre neho výzvou
|c Vladislav Kmeť
|
| 300 |
|
|
|b Fotogr.
|
| 546 |
|
|
|a Dvojjazyčné vydanie
|
| 600 |
1 |
7 |
|a Leisztner, Csaba
|2 dszk
|9 1214266
|
| 650 |
0 |
7 |
|a thajský box
|2 SNKPH
|9 87850
|
| 651 |
|
7 |
|a Veľký Meder (Slovensko)
|2 SNKPH
|9 19224
|
| 773 |
0 |
|
|t Veľkomederský hlásnik=Nagymegyeri hírmondó
|g Roč. XII, č. 12 (2016), s. 17
|x 1339-2409
|
| 852 |
|
|
|a DSZK
|b KIS3GCP
|
| 856 |
|
|
|u www.velkomederskyhlasnik.sk
|
| 958 |
|
|
|a SK
|
| 999 |
|
|
|c 2126590
|d 2128520
|